Public Relations: The Profession and the Practice (Record no. 1026)

MARC details
005 - DATE AND TIME OF LATEST TRANSACTION
control field 20250320101921.0
020 ## - INTERNATIONAL STANDARD BOOK NUMBER
International Standard Book Number 978-0-07-351186-3
082 ## - DEWEY DECIMAL CLASSIFICATION NUMBER
Classification number 659.2 LAT
100 ## - MAIN ENTRY--PERSONAL NAME
Author name LATTTIMORE, D.
245 ## - TITLE STATEMENT
Title Public Relations: The Profession and the Practice
250 ## - EDITION STATEMENT
Edition statement 2nd Ed.
260 ## - PUBLICATION, DISTRIBUTION, ETC.
Place of publication, distribution, etc. Boston,
Name of publisher, distributor, etc. McGraw-Hill,
Date of publication, distribution, etc. 2007.
300 ## - PHYSICAL DESCRIPTION
Extent xxiv, 420p., ill., picture, table, figure,
Other physical details Glossary, index
Dimensions 25cm.
700 ## - ADDED ENTRY--PERSONAL NAME
Other authors/Editors BASKIN, O.; HEIMAN, S. T. & TOTH, E. L.
942 ## - ADDED ENTRY ELEMENTS (KOHA)
Source of classification or shelving scheme Dewey Decimal Classification
Koha item type Books
Holdings
Date last seen Total checkouts Full call number Barcode Cost, replacement price Price effective from Koha item type Lost status Source of classification or shelving scheme Damaged status Not for loan Withdrawn status Home library Current library Shelving location Date acquired Cost, normal purchase price
03/20/2025   659.2 LAT 0000003984 90000.00 03/20/2025 Books   Dewey Decimal Classification       College of Business Education Main Library College of Business Education Main Library General Collection 03/20/2025 30000.00
03/20/2025   659.2 LAT 0000003985 90000.00 03/20/2025 Books   Dewey Decimal Classification       College of Business Education Main Library College of Business Education Main Library General Collection 03/20/2025 30000.00
03/20/2025   659.2 LAT 0000003986 90000.00 03/20/2025 Books   Dewey Decimal Classification       College of Business Education Main Library College of Business Education Main Library General Collection 03/20/2025 30000.00
03/20/2025   659.2 LAT 0000003987 90000.00 03/20/2025 Books   Dewey Decimal Classification       College of Business Education Main Library College of Business Education Main Library General Collection 03/20/2025 30000.00
03/20/2025   659.2 LAT 0000003988 90000.00 03/20/2025 Books   Dewey Decimal Classification       College of Business Education Main Library College of Business Education Main Library General Collection 03/20/2025 30000.00